000 01087nam a2200289 i 4500
003 EG-GICUC
005 20260121101537.0
008 251224s1989 ua ||||fr|||| 00| 0 ara d
040 _a EG-GICUC
_bara
_c EG-GICUC
_d EG-GICUC
_erda
041 0 _aara
082 0 4 _221
_a343.6
_bع ب . ظ
092 0 4 _221
099 _aLaw1 10 343.6 ع ب . ظ 1989
100 0 _aعبدالرحيم صدقى
_eمؤلف.
245 1 2 _aالظاهرة الإجرامية :
_bدراسة تأصيلية وتحليلية فى الفقه المصرى والمقارن /
_cالدكتور عبدالرحيم صدقى.
264 1 _aالقاهرة :
_bدار النصر للتوزيع والنشر،
_c[1989].
300 _a281 ؛ صفحة
_c24 سم.
336 _2rda content
_atext
337 _2rda media
_aComputer
338 _2rda carrier
_aOnline Resource
546 _aالنص باللغة العربية
650 1 4 _aعلم الإجرام
650 1 4 _aالقانون الجنائي
856 4 0 _uhttps://fll.law.cu.edu.eg/fulltext/bks/B10-07232.pdf
905 _a77
942 _2ddc
_cBK
_e21
_n0
999 _c52462
_d52462